000 01219nam a22002417a 4500
999 _c8595
_d8595
003 AR-CdUCM
008 190325b ||||| |||| 00| 0 spa d
040 _aMUNICIPALIDAD PROVINCIAL DEL CUSCO
_cBIBLIOTECA MUNICIPAL DEL CUSCO
082 _a309.185 /
_bA34
100 _aAlberti, Giorgio
_923997
245 _aPoder y conflicto social en el valle del Mantaro (1900-1974) /
260 _aLima :
_bInstituto de Estudios Peruanos,
_c1974.
300 _a220 páginas ;
_c19 cm.
440 _aPerú problema.
_n10
_924054
505 _aLa organización social tradicional en el valle del Mantaro y su ruptura -- Desmembración territorial y pérdida de poder local -- Urbanización, migraciones y diversificación ocupacional -- Solidaridad, contactos urbanos y diversificación ocupacional -- Partidos políticos, clientelismo y conflicto. Ruptura del sistema tradicional y movimientos campesinos -- El nuevo estatuto y las comunidades del valle del Mantaro.
650 _aComunidades campesinas
_92214
650 _aDesarrollo de la comunidad
_924055
650 _aCondiciones sociales
_91132
650 _aMantaro, Valle del Río
_924056
700 _aSánchez, Rodrigo
_924057
942 _2ddc
_cLIBROS
945 _aacv